| 000 | 00830nam a2200205 4500 | ||
|---|---|---|---|
| 003 | LK-CoMWRAF | ||
| 005 | 20240119213745.0 | ||
| 008 | 231213b |||||||| |||| 00| 0 eng d | ||
| 020 | _a9559052691 | ||
| 040 |
_aLK-CoMWRAF _dLK-CoMWRAF _eLK-CoMWRAF |
||
| 041 | _asin | ||
| 082 |
_a323.095 _bDEP |
||
| 245 | _aදේපළ සම්බන්ධ අයිතිවාසිකම් | ||
| 246 | _aDepala sambanda aithiwasikam | ||
| 260 |
_aකොළඹ : _bඑක්සත් ජාතීන්ගේ ජනගහන අරමුදල, _c1998 |
||
| 650 | _aදේපළ සම්බන්ධ අයිතිවාසිකම් | ||
| 700 |
_aවිජයතිලක. කමලිනී _eed. _yWijayathilake, Kamalini |
||
| 700 |
_aවෙත්තසිංහ. සිබිල් _eills. _yWeththasinghe, Sybil |
||
| 942 | _cBK | ||
| 999 |
_c4384 _d4384 |
||